000
00269nam a2200097Ia 4500
001
1002910
005
20250826230439.0
008
250824s9999 xx 000 0 und d
245
0
_a
HAYAL KURMAK BEDAVA ÖZGÜRLÜK HAYALİ
_c
FUAT SEVİMAY
260
_b
HEP KİTAP YAYINLARI
999
_c
1002910
_d
1002910